000 00313nam a22001337a 4500
008 181205b xxu||||| |||| 00| 0 eng d
020 _a9780321132260
041 _aeng
080 _23rd
_a510
100 _a36
101 _aMAT
245 _aIntegrated Arithmetic & Basic Algebra
_cJordan,B.E
942 _2udc
_cBK
999 _c52888
_d52888